| 000 | 02058cam a22005054i 4500 | ||
|---|---|---|---|
| 003 | PE-LiUPU | ||
| 005 | 20250731173534.0 | ||
| 008 | 150616s r 000 0 d | ||
| 020 | _a0802840787 | ||
| 035 | _a(Sirsi) i9780802840783 | ||
| 040 |
_aPE-LiUPU _bspa _cPE-LiUPU _erda |
||
| 049 | _aPRUA | ||
| 082 | 0 | 4 |
_b _221 |
| 245 | 0 | 2 |
_aA Pathway into the Holy Scripture / _ceditado por P E. Satterwaite y D. F. Wright. |
| 264 | 1 |
_aGrand Rapids, Michigan : _bWilliam B. Eerdmans Publishing Company, _c1994. |
|
| 300 |
_a344 páginas ; _c22 centímetros |
||
| 336 |
_atext _2rdacontent |
||
| 337 |
_aunmediated _2rdamedia |
||
| 338 |
_avolume _2rdacarrier |
||
| 505 | 0 | _aPathway to reformation: William Tyndale and the importance of the scriptures.- Faith and method in old testament study: Story exegesis.- Critical Issues in new testament studies for evangelicals today. | |
| 526 | _aSEG42 | ||
| 526 | _aSEG41 | ||
| 526 | _aSEG40 | ||
| 526 | _aSEG39 | ||
| 526 | _aP94 | ||
| 526 | _aP87 | ||
| 526 | _aP86 | ||
| 526 | _aP85 | ||
| 526 | _aP77 | ||
| 526 | _aP76 | ||
| 526 | _aP35 | ||
| 650 | 0 | 4 |
_aHermenéutica bíblica _xCongresos. |
| 700 | 1 |
_aSatterthwaite, P E., _eeditor. |
|
| 700 | 1 |
_aWright, D. F., _eeditor. |
|
| 910 |
_ajck _bjvq _cjck |
||
| 942 |
_2ddc _cBOOK |
||
| 949 |
_a220.6 S24 _wDEWEY _c1 _i40455 _lCCODEBUL1 _mBUL _r0 _sY _tBOOK _u2015-4-23 _xTEOLOGIA _zUNKNOWN _0COMPRA _o.STAFF. Colección General |
||
| 949 |
_a220.6 S24 _wDEWEY _c2 _i42370 _lCCODEBUL1 _mBUL _r0 _sY _tBOOK _u2015-6-16 _xTEOLOGIA _zUNKNOWN _0COMPRA _o.STAFF. Colección General |
||
| 994 |
_aC0 _bPEPRU |
||
| 596 | _a1 | ||
| 999 |
_a220.6 S24 _wDEWEY _c60205 _i40455 _f2021-11-11 _g5 _lCCODEBUL1 _mBUL _r0 _sY _tBOOK _u2015-4-23 _xTEOLOGIA _zUNKNOWN _0COMPRA _o.STAFF. Colección General _d60205 |
||
| 999 |
_a220.6 S24 _wDEWEY _c2 _i42370 _f2021-11-11 _g5 _lCCODEBUL1 _mBUL _r0 _sY _tBOOK _u2015-6-16 _xTEOLOGIA _zUNKNOWN _0COMPRA _o.STAFF. Colección General |
||
| 980 |
_81 _gALBERTO SANCHEZ Responsable de Automatización |
||